2023 NBA Draft Round 1 Picks - Statistics

General Stats
  • This quiz has been taken 614 times
  • The average score is 15 of 30
Answer Stats
Pick Player Team % Correct
1 Victor Wembanyama San Antonio Spurs
100%
2 Brandon Miller Charlotte Hornets
94%
3 Scoot Henderson Portland Trail Blazers
94%
4 Amen Thompson Houston Rockets
93%
5 Ausar Thompson Detroit Pistons
93%
6 Anthony Black Orlando Magic
74%
13 Gradey Dick Toronto Raptors
69%
12 Dereck Lively II Oklahoma City Thunder
63%
7 Bilal Coulibaly Indiana Pacers
62%
8 Jarace Walker Washington Wizards
58%
20 Cam Whitmore Houston Rockets
53%
10 Cason Wallace Dallas Mavericks
51%
18 Jaime Jaquez Jr Miami Heat
51%
19 Brandin Podziemski Golden State Warriors
49%
16 Keyonte George Utah Jazz
49%
11 Jett Howard Orlando Magic
48%
17 Jalen Hood-Schifino Los Angeles Lakers
47%
14 Jordan Hawkins New Orleans Pelicans
42%
9 Taylor Hendricks Utah Jazz
41%
27 Nick Smith Jr Charlotte Hornets
36%
23 Kris Murray Portland Trail Blazers
35%
15 Kobe Bufkin Atlanta Hawks
33%
22 Dariq Whitehead Brooklyn Nets
31%
21 Noah Clowney Brooklyn Nets
29%
30 Kobe Brown Los Angeles Clippers
26%
26 Ben Sheppard Indiana Pacers
21%
28 Brice Sensabaugh Utah Jazz
21%
29 Julian Strawther Denver Nuggets
21%
24 Olivier-MaxenceProsper Sacramento Kings
18%
25 Marcus Sasser Boston Celtics
17%
No matching quizzes found
Score Distribution
Percent of People with Each Score
Percentile by Number Answered
Your Score History
You have not taken this quiz